History Quiz

Random History or Book Quiz

Kings Pangloss Cites for Preferring Simple Life Quiz Stats

 Plays Quiz not verified by Sporcle

Score 0/36 Timer 15:00
0 Plays Today
Dates, Kingdom King or Ruler % Correct
+++++From here, Pangloss lists the rest ofhis examples
100%
( ) comments added
100%
Third son of King David, proclaimed himself kingAbsalom
33.3%
King of Lydia
560 - 547 BC
Croesus
33.3%
Punic Carthaginian military commander
died about 182 BC
Hannibal
33.3%
Dictator of the Roman Republic
49-44 BC
Caesar
33.3%
Emperor of Rome
54-68
Nero
33.3%
Emperor of Rome
69
Otho
33.3%
Emperor of Rome
69
Vitellius
33.3%
King of England
1377-1399
Richard II of England
33.3%
King of England
1307-1327
Edward II
33.3%
King of England
1399-1413
Henry IV
33.3%
King of England
1483-1485
Richard III
33.3%
Queen regnant of Scotland; Queen consort of France
1542-1567; 1559-1560
Mary Stuart
33.3%
King of England, Scotland, and Ireland
1625-1649
Charles I
33.3%
Monarch of the Polish-Lithuanian Commonwealth;
King of France
1573-1575; 1574-1589
The three Henrys of France (Henry III of France)
33.3%
King of Navarre; King of France
1572 -1610; 1589-1610
The three Henrys of France (Henry of Navarre, aka Henry IV)
33.3%
Founder of the Catholic League;
Lieutenant-General of France
1588
The three Henrys of France (Henry I, Prince of Joinville, Duke of Guise, Count of Eu)
33.3%
Dates, Kingdom King or Ruler % Correct
King of the Germans, also styled
King of the Romans and Holy Roman Emperor
1084-1105
Emperor Henry IV
33.3%
King of the Persian Achaemenid Empire
522 - 486 BC
Darius
22.2%
King of the Greek tribe of Molossians, of the royal Aeacid house and later (306), king of Epirus and Macedon
297 – 302 BC
Pyrrhus
22.2%
Military and political leader of the late Roman Republic
70-51 BC (non-consecutive terms as Consul)
Pompey
22.2%
Emperor of Rome
81-96
Domitian
22.2%
Queen consort of Judah as the wife of King Jehoram
queen six years
842–837 BC
Athalia
11.1%
King of Moag who oppressed Israel
in the time of the Book of Judges
Eglon
11.1%
King of Judah
635 - 597 BC
King Jehoiakim
11.1%
Second King of the northern Israelite Kingdom of Israel
901 - 900 BC
King Nadab
11.1%
King of Israel
877 - 876 BC
King Ela (Elah)
11.1%
King of Judah
840's BC
Ahaziah
11.1%
King of Judah
598 - 597 BC
King Jeconiah
11.1%
King of Judah
606 - 586 BC
King Zedekiah
11.1%
The last King of the Median Empire
585 -550 BC
Astyages
11.1%
Greek tyrant of Syracuse, in what is now Sicily
407 - 367
Dionysius of Syracuse
11.1%
Legendary founder of Mycenae and
of the Perseid dynasty of Danaans
Perseus
11.1%
King of Numidia
118-104 BC
Jugurtha
11.1%
'King of [the] Germans';
leader of the Suebi and other allied Germanic peoples
died 54 BC
Ariovistus
11.1%

You're not logged in!

Compare scores with friends on all Sporcle quizzes.
Join for Free
OR
Log In

You Might Also Like...

Show Comments

Extras

Top Quizzes Today


Score Distribution

Your Account Isn't Verified!

In order to create a playlist on Sporcle, you need to verify the email address you used during registration. Go to your Sporcle Settings to finish the process.

Report this User

Report this user for behavior that violates our Community Guidelines.

Details: